[Event "NED-ch U18"]
[Site "Almelo"]
[Date "2023.05.04"]
[Round "5"]
[White "Wierenga, Jael"]
[Black "Moskalets, Sofiia"]
[Result "0-1"]
[WhiteElo "1772"]
[BlackElo "1722"]
[PlyCount "77"]
[EventDate "2023.04.30"]
[EventType "swiss"]
[EventRounds "7"]
[EventCountry "NED"]
[SourceTitle "CBM 214 Extra"]
[Source "ChessBase"]
[SourceDate "2023.07.31"]
[SourceVersion "1"]
[SourceVersionDate "2023.07.31"]
[SourceQuality "1"]

1. d4 Nf6 2. c4 g6 3. Nc3 Bg7 4. e4 0-0 5. f3 d6 6. Be3 e5 7. Nge2 Nc6 8. Qd2 exd4 9. Nxd4 Nxd4 10. Bxd4 Be6 11. 0-0-0 a6 12. Nd5 Bxd5 13. cxd5 c5 14. Be3 b5 15. h4 Rc8 16. Kb1 Re8 17. g4 Qe7 18. Bg2 Nd7 19. Bg5 f6 20. Bf4 Nb6 21. Bf1 c4 22. Qb4 Red8 23. Rc1 Qd7 24. Be3 Na4 25. Bh3 Qe7 26. Bd4 f5 27. e5 Bxe5 28. Rce1 Qf6 29. Bxe5 dxe5 30. gxf5 gxf5 31. Rhg1+ Kh8 32. Rg5 Rxd5 33. Rxf5 Qd8 34. a3 a5 35. Rf8+ Qxf8 36. Qxa5 Rcd8 37. Re3 Qf4 38. Qa7 Qd4 39. Qa6 0-1

[Event "NED-ch U16"]
[Site "Almelo"]
[Date "2022.05.05"]
[Round "5"]
[White "Wierenga, Jael"]
[Black "Bakija, Alan"]
[Result "0-1"]
[WhiteElo "1691"]
[BlackElo "1868"]
[PlyCount "94"]
[EventDate "2022.05.01"]
[EventType "swiss"]
[EventRounds "9"]
[EventCountry "NED"]
[SourceTitle "EXT 2023"]
[Source "ChessBase"]
[SourceDate "2022.10.05"]
[SourceVersion "1"]
[SourceVersionDate "2022.10.05"]
[SourceQuality "1"]

1. d4 d5 2. c4 c6 3. Nc3 Nf6 4. cxd5 cxd5 5. Bf4 a6 6. e3 Bf5 7. Qb3 Nc6 8. Nf3 e6 9. Nh4 Be4 10. f3 Bg6 11. Nxg6 hxg6 12. Qxb7 Na5 13. Qc7 Qxc7 14. Bxc7 Nc4 15. Bxc4 dxc4 16. e4 Ra7 17. Ba5 Rb7 18. 0-0-0 Nh5 19. g3 Be7 20. d5 e5 21. d6 Bg5+ 22. Kc2 Be3 23. Rhe1 Bd4 24. Rd2 Nf6 25. Kb1 Nd7 26. Nd5 Nc5 27. Rc1 Rb5 28. Nc7+ Kd7 29. Nxb5 axb5 30. Re2 Nd3 31. Rd1 Kxd6 32. Bc3 g5 33. Bxd4 exd4 34. b3 Kc5 35. a4 Rb8 36. Rc2 Nb4 37. Rcd2 Nc6 38. axb5 Rxb5 39. Ka2 Rxb3 40. f4 Nb4+ 41. Ka1 c3 42. Rc1 Kc4 43. fxg5 d3 44. e5 Ra3+ 45. Kb1 c2+ 46. Rcxc2+ dxc2+ 47. Kb2 Ra2+ 0-1

[Event "NED-ch U16"]
[Site "Almelo"]
[Date "2021.08.06"]
[Round "6"]
[White "Franke, Daniel"]
[Black "Wierenga, Jael"]
[Result "1-0"]
[WhiteElo "1554"]
[BlackElo "1565"]
[PlyCount "83"]
[EventDate "2021.08.01"]
[EventType "swiss"]
[EventRounds "7"]
[EventCountry "NED"]
[SourceTitle "EXT 2022"]
[Source "ChessBase"]
[SourceDate "2021.10.06"]
[SourceVersion "1"]
[SourceVersionDate "2021.10.06"]
[SourceQuality "1"]

1. d4 Nf6 2. c4 e6 3. Nf3 d5 4. Nc3 Be7 5. Bf4 a6 6. e3 0-0 7. cxd5 exd5 8. Bd3 Be6 9. 0-0 Nbd7 10. Qc2 h6 11. Rfc1 Rc8 12. Na4 c5 13. Nxc5 Nxc5 14. dxc5 Bxc5 15. Qd2 Qe7 16. a3 Ne4 17. Qe2 Bb6 18. Nd4 g5 19. Bg3 Qf6 20. Nxe6 Qxe6 21. Re1 Rfe8 22. Rad1 Rc6 23. Bxe4 dxe4 24. h3 Rec8 25. Rd2 Qb3 26. Red1 Ba5 27. Rd5 Bc7 28. Bxc7 R8xc7 29. R1d2 Qa2 30. R5d4 Qe6 31. Qg4 f5 32. Qg3 Kg7 33. h4 g4 34. Qf4 Qf6 35. g3 Re7 36. Rd6 Re6 37. Rd7+ Kg6 38. Qb8 b5 39. Qg8+ Kh5 40. R2d5 b4 41. Rf7 Rc8 42. Rxf5+ 1-0

[Event "NED-ch U16"]
[Site "Almelo"]
[Date "2021.08.05"]
[Round "5"]
[White "Arnold, Lorin"]
[Black "Wierenga, Jael"]
[Result "1/2-1/2"]
[WhiteElo "1651"]
[BlackElo "1565"]
[PlyCount "74"]
[EventDate "2021.08.01"]
[EventType "swiss"]
[EventRounds "7"]
[EventCountry "NED"]
[SourceTitle "EXT 2022"]
[Source "ChessBase"]
[SourceDate "2021.10.06"]
[SourceVersion "1"]
[SourceVersionDate "2021.10.06"]
[SourceQuality "1"]

1. b3 d5 2. Bb2 c5 3. f4 Nc6 4. Nf3 Nf6 5. g3 Bf5 6. Bg2 Qd7 7. 0-0 e6 8. h3 h6 9. d3 Bd6 10. Nbd2 d4 11. Qe1 Nd5 12. e4 dxe3 13. Nc4 Rg8 14. Nxe3 Nxe3 15. Qxe3 0-0-0 16. Ne5 Nxe5 17. Bxe5 Bxe5 18. Qxe5 Qd4+ 19. Qxd4 cxd4 20. Rac1 Kb8 21. Rfd1 Rc8 22. g4 Bg6 23. Be4 f5 24. Bf3 Rc3 25. Re1 fxg4 26. Bxg4 Bf5 27. Re5 Bxg4 28. hxg4 Rgc8 29. Rxe6 Rxd3 30. Rg6 Rd2 31. Rxg7 d3 32. c4 Re8 33. f5 Ree2 34. f6 Rg2+ 35. Kh1 Rh2+ 36. Kg1 Rdg2+ 37. Kf1 Rf2+ 1/2-1/2

[Event "NED-ch U16"]
[Site "Almelo"]
[Date "2021.08.03"]
[Round "3"]
[White "Wierenga, Jael"]
[Black "Boeren, Jurriaan"]
[Result "0-1"]
[WhiteElo "1565"]
[BlackElo "1614"]
[PlyCount "140"]
[EventDate "2021.08.01"]
[EventType "swiss"]
[EventRounds "7"]
[EventCountry "NED"]
[SourceTitle "EXT 2022"]
[Source "ChessBase"]
[SourceDate "2021.10.06"]
[SourceVersion "1"]
[SourceVersionDate "2021.10.06"]
[SourceQuality "1"]

1. d4 d5 2. Bf4 e6 3. e3 c5 4. Nf3 Bd6 5. Bg3 Nf6 6. Nbd2 0-0 7. c3 Qc7 8. dxc5 Qxc5 9. Bd3 Qc7 10. Qe2 Nbd7 11. Rd1 h6 12. e4 Bxg3 13. hxg3 dxe4 14. Nxe4 b6 15. Nfd2 Bb7 16. g4 Qf4 17. f3 Nxe4 18. Nxe4 Ne5 19. Bc2 Rad8 20. 0-0 Bxe4 21. Bxe4 Rc8 22. Rd4 Qf6 23. Rfd1 Rfd8 24. Qb5 Rxd4 25. Rxd4 Qh4 26. Bh7+ Kxh7 27. Qxe5 Rd8 28. g3 Qe7 29. Kf2 Rxd4 30. Qxd4 Qc7 31. a4 a5 32. f4 Qc6 33. Ke3 g6 34. Kd3 Qf3+ 35. Qe3 Qd1+ 36. Qd2 Qxa4 37. Qe1 Qb5+ 38. Kc2 Qd5 39. Qe3 b5 40. Qe5 Qg2+ 41. Kb3 a4+ 42. Ka3 Qc6 43. Kb4 Qc4+ 44. Ka5 a3 45. bxa3 Qa4+ 46. Kb6 Qxa3 47. Kxb5 Qb3+ 48. Kc5 g5 49. Kd6 gxf4 50. gxf4 Qa3+ 51. Kd7 Qa7+ 52. Qc7 Qxc7+ 53. Kxc7 f5 54. gxf5 exf5 55. c4 h5 56. c5 h4 57. Kd6 h3 58. c6 h2 59. c7 h1Q 60. c8Q Qe4 61. Qd7+ Kg6 62. Qe6+ Kh5 63. Qxe4 fxe4 64. f5 e3 65. f6 Kg6 66. Ke7 e2 67. f7 e1Q+ 68. Kf8 Qf2 69. Kg8 Qxf7+ 70. Kh8 Qe8# 0-1

[Event "NED-ch U14 op"]
[Site "Borne"]
[Date "2019.08.07"]
[Round "4"]
[White "Wierenga, Jael"]
[Black "Neisingh, Nils"]
[Result "1/2-1/2"]
[WhiteElo "1469"]
[BlackElo "1710"]
[PlyCount "46"]
[EventDate "2019.08.05"]
[EventType "swiss"]
[EventRounds "9"]
[EventCountry "NED"]
[SourceTitle "EXT 2020"]
[Source "ChessBase"]
[SourceDate "2019.10.17"]
[SourceVersion "1"]
[SourceVersionDate "2019.10.17"]
[SourceQuality "1"]

1. d4 Nf6 2. c4 c5 3. d5 e6 4. Nc3 exd5 5. cxd5 d6 6. e4 g6 7. Nf3 Bg7 8. g3 0-0 9. Bg2 Re8 10. Nd2 a6 11. a4 Ng4 12. 0-0 Qc7 13. Nc4 Ne5 14. Qb3 Nxc4 15. Qxc4 Nd7 16. f4 Nf6 17. h3 Bd7 18. Bd2 Qb6 19. Rab1 Qb4 20. b3 a5 21. Rfc1 Rab8 22. Qe2 Qb6 23. Re1 Nh5 1/2-1/2

[Event "NED-ch U14 op"]
[Site "Borne"]
[Date "2019.08.06"]
[Round "2"]
[White "Wierenga, Jael"]
[Black "De Rycke, Tyani"]
[Result "0-1"]
[WhiteElo "1469"]
[BlackElo "1787"]
[PlyCount "66"]
[EventDate "2019.08.05"]
[EventType "swiss"]
[EventRounds "9"]
[EventCountry "NED"]
[SourceTitle "EXT 2020"]
[Source "ChessBase"]
[SourceDate "2019.10.17"]
[SourceVersion "1"]
[SourceVersionDate "2019.10.17"]
[SourceQuality "1"]

1. d4 d5 2. c4 e6 3. Nc3 Nf6 4. Bg5 Be7 5. Nf3 b6 6. e3 Bb7 7. Rc1 c5 8. Be2 Nbd7 9. 0-0 0-0 10. a3 Rc8 11. cxd5 Nxd5 12. Bxe7 Qxe7 13. Qd2 N7f6 14. Nxd5 Bxd5 15. Ne5 Rfd8 16. Bf3 Bxf3 17. gxf3 Qd6 18. Qc2 Qb8 19. Qa4 Rd5 20. Rc3 Ne8 21. b4 f6 22. Nc6 Qb7 23. b5 a6 24. Ne7+ Qxe7 25. Qxa6 Qd8 26. Rfc1 Ra8 27. Qb7 Nd6 28. Qc6 Rc8 29. dxc5 Rxc6 30. bxc6 bxc5 31. e4 Rg5+ 32. Kf1 Qb6 33. f4 Qb5+ 0-1